| 000 | 00869nam a2200217 i 4500 | ||
|---|---|---|---|
| 001 | 29574 | ||
| 003 | ES-MaACL | ||
| 005 | 20250920063031.0 | ||
| 007 | t| | ||
| 008 | 030122s1921 sp ||||1| spa d | ||
| 100 | 1 |
_aBarreiro, Agustín Jesús, _d1865-1937 _925888 |
|
| 245 | 1 | 0 |
_aBiografía de Don Marcos Jiménez de la Espada (1831-1898) / _cpor Agustín Jesús Barreiro. |
| 260 |
_aMadrid : _b[s.n.], _c1921 ( _eToledo : _fTip. G. Menor) |
||
| 300 |
_a43 p., 1 lám. : _b1 retr. aut. ; _c24 cm. |
||
| 530 | _aDisponible en formato digital. | ||
| 600 | 1 | 7 |
_aJiménez de la Espada, Marcos, _d1831-1898 _2embne _9222553 |
| 852 |
_aES-MaACL _j1834-F-4 _bR.18531 _9 30690 _cDEPOF _zRevisado enlace: 10 de Abril de 2025 |
||
| 856 |
_uhttp://bdh-rd.bne.es/viewer.vm?id=0000228064&page=1 _yBiblioteca Digital Hispánica |
||
| 942 | _2udc | ||
| 999 |
_c29574 _d29574 |
||